[Event "Zuerich op"]
[Site "Zuerich"]
[Date "1990.??.??"]
[Round "?"]
[White "Brunner, Lucas"]
[Black "Kraehenbuehl, Gerhard"]
[Result "1-0"]
[WhiteElo "2525"]
[BlackElo "2265"]

1.Nf3 Nf6 2.c4 g6 3.Nc3 Bg7 4.e4 d6 5.d4 O-O 6.Be2 e5 7.O-O Nc6 8.d5 Ne7
9.Nd2 c5 10.Rb1 Nd7 11.Nb5 Nb8 12.a3 Kh8 13.b4 b6 14.bxc5 bxc5 15.Nb3 a6
16.Nc3 f5 17.Bg5 Rf7 18.Nxc5 h6 19.Ne6 Qa5 20.Bd2 Bxe6 21.dxe6 Rf8 22.Nd5 Qd8
23.Ba5 Qxa5 24.Nxe7 Kh7 25.Nxg6 Kxg6 26.e7  1-0

[Event "Aarhus op"]
[Site "Aarhus"]
[Date "1991.??.??"]
[Round "3"]
[White "Berg, Klaus"]
[Black "Sogaard, Soren"]
[Result "1-0"]
[WhiteElo "2420"]
[BlackElo "2335"]

1.d4 Nf6 2.Nf3 g6 3.c4 Bg7 4.Nc3 O-O 5.e4 d6 6.Be2 e5 7.O-O Nc6 8.d5 Ne7
9.Nd2 Ne8 10.b4 f5 11.c5 Bh6 12.Nc4 Bxc1 13.Rxc1 fxe4 14.cxd6 cxd6 15.Nxe4 Nf5
16.Bg4 Nd4 17.Bxc8 Rxc8 18.Qd3 b5 19.Na5 Qd7 20.Nc6 Nxc6 21.dxc6 Qe6 22.Qxb5 Nc7
23.Qb7 Nd5 24.Qd7 Qxd7 25.cxd7 Rcd8 26.Rfd1 Nf4 27.Rc7 d5 28.Nc5 d4 29.Rxa7 Ne2+
30.Kf1 Nc3 31.Re1  1-0

[Event "Aarhus op"]
[Site "Aarhus"]
[Date "1991.??.??"]
[Round "4"]
[White "Burgess, Graham"]
[Black "Petersen, F."]
[Result "0-1"]
[WhiteElo "2300"]
[BlackElo "2275"]

1.d4 Nf6 2.c4 g6 3.Nc3 Bg7 4.e4 d6 5.Nf3 O-O 6.Be2 e5 7.O-O Nc6 8.d5 Ne7
9.Ne1 Nd7 10.Be3 f5 11.f3 Rf7 12.a4 f4 13.Bf2 g5 14.Nb5 Nf6 15.Nxa7 Bd7 16.Nb5 Bf8
17.c5 Ng6 18.cxd6 Bxd6 19.Nxd6 cxd6 20.Qb3 g4 21.fxg4 Nxe4 22.Bb6 Qh4 23.Nf3 Qh6
24.Qc2 Ng5 25.Nxg5 Qxg5 26.h3 h5 27.Ra3 hxg4 28.Bxg4 Bxg4 29.hxg4 Qxg4 30.Rff3 Nh4
31.Rh3 Nf5 32.Rac3 Ng3 33.Kh2 Ne2 34.Rc7 Raf8 35.a5 Rf5 36.Rc8 Rh5 37.Rxf8+ Kxf8
38.Qd3 e4 39.Qa3 Ke7 40.Bc7 Qg3+  0-1

[Event "Aarhus op"]
[Site "Aarhus"]
[Date "1991.??.??"]
[Round "5"]
[White "Berg, Klaus"]
[Black "Burgess, Graham"]
[Result "1/2-1/2"]
[WhiteElo "2420"]
[BlackElo "2300"]

1.d4 Nf6 2.c4 g6 3.Nc3 Bg7 4.e4 d6 5.Be2 O-O 6.Nf3 e5 7.O-O Nc6 8.d5 Ne7
9.Nd2 c6 10.Rb1 a5 11.a3 b5 12.b4 axb4 13.axb4 bxc4 14.dxc6 Nxc6 15.Bxc4 Nd4
16.Nd5 Nxd5 17.Bxd5 Ba6 18.Bc4 d5 19.exd5 Bxc4 20.Nxc4 Qxd5 21.Ne3 Qb5 22.Qe1 Rfe8
23.Kh1 f5 24.f3 Ra2 25.Qc3 Rc2 26.Qe1 Re2 27.Qc3 Rc2 28.Qe1 Re2 29.Qc3 Rc2  1/2-1/2

[Event "Anapa"]
[Site "Anapa"]
[Date "1991.??.??"]
[Round "?"]
[White "Tunik, Gennady"]
[Black "Rechel, Bernd"]
[Result "1/2-1/2"]
[WhiteElo "2470"]
[BlackElo "2370"]

1.d4 Nf6 2.c4 g6 3.Nc3 Bg7 4.e4 d6 5.Nf3 O-O 6.Be2 e5 7.O-O Nc6 8.d5 Ne7
9.b4 Nh5 10.g3 f5 11.Ng5 Nf6 12.f3 f4 13.Kg2 Kh8 14.Rb1 Ne8 15.Nh3 Bxh3+
16.Kxh3 h5 17.Kg2 g5 18.gxf4 exf4 19.Nb5 Be5 20.Nd4 Ng7 21.Bb2 Ng6 22.Kh1 Qf6
23.Qd2 Nh4 24.c5 Rae8 25.Nb5 g4 26.fxg4 Qg6 27.Bd3 hxg4 28.Nxc7 g3 29.Rf2 gxf2
30.Qxf2 Qh5 31.Nxe8 Bxb2 32.Rxb2 Rxe8 33.Qxf4 Ng6 34.Qf1 Rf8 35.Rf2 Rxf2
36.Qxf2 Ne5 37.Be2 Qh6 38.cxd6 Qxd6 39.Qxa7 Qxb4 40.Qb8+ Kh7 41.Qxe5 Qe1+
42.Kg2 Qxe2+ 43.Kg3 Qe3+ 44.Kg4 Qe2+ 45.Kg3 Qe3+ 46.Kg4 Qe2+  1/2-1/2

[Event "Andorra op"]
[Site "Andorra"]
[Date "1991.??.??"]
[Round "?"]
[White "Krasenkow, Michal"]
[Black "McDonald, Neil R"]
[Result "1-0"]
[WhiteElo "2570"]
[BlackElo "2385"]

1.Nf3 Nf6 2.c4 g6 3.Nc3 Bg7 4.e4 d6 5.d4 O-O 6.Be2 e5 7.O-O Nc6 8.d5 Ne7
9.b4 Nh5 10.c5 f5 11.Qb3 h6 12.Bd2 Nf4 13.Bxf4 exf4 14.e5 Kh7 15.exd6 cxd6
16.Rad1 Bd7 17.Nb5 Bxb5 18.Bxb5 Rc8 19.Rfe1 a6 20.cxd6 Ng8 21.Bf1 Qxd6 22.Re6 Qd7
23.b5 a5 24.Ne5 Bxe5 25.Rxe5 Rfe8 26.Rxe8 Qxe8 27.d6 Rd8 28.b6 a4 29.Qd5 Qd7
30.Bb5 Nf6 31.Qc4 Qg7 32.Qc7  1-0

[Event "JUG-Cup qual"]
[Site "Arandjelovac"]
[Date "1991.??.??"]
[Round "3"]
[White "Averkin, Orest N"]
[Black "Misailovic, Nebojsa"]
[Result "1-0"]
[WhiteElo "2470"]
[BlackElo "2345"]

1.d4 Nf6 2.Nf3 g6 3.c4 Bg7 4.Nc3 O-O 5.e4 d6 6.Be2 e5 7.O-O Nc6 8.d5 Ne7
9.Ne1 Nd7 10.Nd3 f5 11.f3 Kh8 12.b4 Ng8 13.c5 Ngf6 14.a4 Rg8 15.a5 Nh5 16.g3 Ndf6
17.Nf2 Qe7 18.cxd6 cxd6 19.Bd2 Bd7 20.a6 b6 21.Bb5 Rad8 22.Bxd7 Rxd7 23.Qe2 Qf8
24.Nb5 g5 25.Rac1 Bh6 26.exf5 Nxd5 27.Ne4 Qxf5 28.Nexd6 Qe6 29.Nc4 Bg7 30.Rfe1 Re8
31.f4 Ndf6 32.fxg5 Ng4 33.h3 Nhf6 34.gxf6 Nxf6 35.Kh2 e4 36.Bc3 Rd5 37.Nc7 Qc8
38.Nxd5 Nxd5 39.Bxg7+ Kxg7 40.Nd6 Qe6  1-0

[Event "JUG-Cup qual"]
[Site "Arandjelovac"]
[Date "1991.??.??"]
[Round "3"]
[White "Maksimovic, Branimir"]
[Black "Todorovic, Jovan"]
[Result "0-1"]
[WhiteElo "2380"]
[BlackElo "2290"]

1.d4 Nf6 2.c4 g6 3.Nc3 Bg7 4.e4 d6 5.Be2 O-O 6.Nf3 e5 7.O-O Nc6 8.d5 Ne7
9.Ne1 Nd7 10.Nd3 f5 11.Bd2 Nf6 12.f3 f4 13.c5 g5 14.cxd6 cxd6 15.Nf2 Ng6
16.Qc2 Rf7 17.Rfc1 h5 18.Nb5 Ne8 19.Nxa7 Bd7 20.Nb5 g4 21.a4 g3 22.hxg3 fxg3
23.Nh3 Bxh3 24.Be3 Bd7 25.Kf1 Nf4 26.Bc4 Qg5 27.Nc3 h4 28.Ne2 h3 29.Nxf4 exf4
30.Bb6 Be5 31.Bb5 h2 32.Ke2 Bxb5+ 33.axb5 Rxa1 34.Rxa1 Qe7 35.Kd3 Kg7 36.Bd4 Bxd4
37.Kxd4 Qc7 38.Qc3 Qxc3+ 39.bxc3 Nf6 40.e5 dxe5+ 41.Kxe5 Nxd5 42.Kxd5 Rd7+
43.Kc5 Rd2 44.Kb6 Rxg2 45.c4 Rg1 46.Ra7 h1=Q 47.c5 Qxf3 48.c6 Qe3+ 49.Kxb7 Qxa7+
50.Kxa7 Ra1+  0-1

[Event "ARG-ch"]
[Site "?"]
[Date "1991.??.??"]
[Round "7"]
[White "Mellano, Santiago"]
[Black "Llanos, Guillermo"]
[Result "1/2-1/2"]
[WhiteElo "2235"]
[BlackElo "2385"]

1.d4 Nf6 2.Nf3 g6 3.c4 Bg7 4.Nc3 O-O 5.e4 d6 6.Be2 e5 7.O-O Nc6 8.Be3 Ng4
9.Bg5 f6 10.Bc1 exd4 11.Nxd4 Nxd4 12.Qxd4 Be6 13.Bxg4 f5 14.Qd3 fxg4 15.Be3 Be5
16.Bd4 Rf7 17.Rad1 Qf8 18.Nd5 Re8 19.Bxe5 dxe5 20.Qc3 c6  1/2-1/2

[Event "Athens"]
[Site "Athens"]
[Date "1991.??.??"]
[Round "4"]
[White "Skembris, Spyridon"]
[Black "Vragoteris, Antonios"]
[Result "1-0"]
[WhiteElo "2455"]
[BlackElo "2350"]

1.d4 Nf6 2.Nf3 g6 3.c4 Bg7 4.Nc3 O-O 5.e4 d6 6.Be2 e5 7.O-O Nc6 8.d5 Ne7
9.b4 Nh5 10.Qb3 h6 11.a4 f5 12.exf5 Nxf5 13.Ra2 Nh4 14.Ne4 Bf5 15.Ng3 Nxf3+
16.Bxf3 Nf6 17.Re1 Qd7 18.a5 a6 19.Ne4 Rf7 20.Nxf6+ Rxf6 21.c5 Qf7 22.Be3 Rf8
23.Rd2 Kh7 24.Qc4 h5 25.b5 axb5 26.Qxb5 Bc8 27.Be4 Bh6 28.Qd3 dxc5 29.Bxh6 Kxh6
30.Qe3+ Kg7 31.Qxc5 Qd7 32.Rc2 R8f7 33.f3 Qe7 34.Qxe7 Rxe7 35.Rec1 c6 36.dxc6 bxc6
37.Rxc6 Bf5 38.Rxf6 Kxf6 39.Bxf5 Kxf5 40.a6 Rd7 41.Ra1 Ra7 42.Kf2 g5 43.Ke3  1-0

[Event "Augsburg"]
[Site "Augsburg"]
[Date "1991.??.??"]
[Round "3"]
[White "Majorovas, Vitalijus"]
[Black "Komljenovic, Davor"]
[Result "0-1"]
[WhiteElo "2450"]
[BlackElo "2470"]

1.Nf3 Nf6 2.c4 g6 3.Nc3 Bg7 4.d4 O-O 5.e4 d6 6.Be2 e5 7.O-O Nc6 8.d5 Ne7
9.Bg5 h6 10.Bxf6 Bxf6 11.b4 Kh7 12.c5 Ng8 13.Nd2 Be7 14.c6 b6 15.b5 Bg5 16.Nb3 f5
17.a4 Nf6 18.Bd3 fxe4 19.Bxe4 Nxe4 20.Nxe4 a5 21.Qd3 h5 22.Rae1 Bf5 23.Nbd2 Bh6
24.Nc4 Rf7 25.f3 Qe7 26.g3 Raf8 27.Kg2 Qd8 28.h3 Qc8 29.g4 Bxe4 30.Rxe4 Bf4
31.Nb2 Kg7 32.Qd1 Rf6 33.Nd3 Qe8 34.Nf2 Qf7 35.Ree1 Bg3 36.Ne4 Bxe1 37.Nxf6 Qxf6
38.Qxe1 Qf4 39.Qe4 h4 40.Qe1 g5  0-1

[Event "AUT-ch"]
[Site "?"]
[Date "1991.??.??"]
[Round "?"]
[White "Hoelzl, Franz"]
[Black "Weinzettl, Ernst"]
[Result "0-1"]
[WhiteElo "2385"]
[BlackElo "2285"]

1.d4 Nf6 2.c4 g6 3.Nc3 Bg7 4.e4 d6 5.Be2 O-O 6.Nf3 e5 7.O-O Nc6 8.d5 Ne7
9.Nd2 a5 10.b3 b6 11.Ba3 Nh5 12.Bxh5 gxh5 13.Qxh5 f5 14.Nf3 fxe4 15.Ng5 h6
16.Ne6 Bxe6 17.dxe6 Nf5 18.Rae1 Nd4 19.Bc1 Qe8 20.Qg4 Qxe6 21.Rxe4 Qxg4 22.Rxg4 Kh7
23.Rd1 Rf5 24.Rd3 h5 25.Rh4 Bf6 26.Rhh3 Rg8 27.Kf1 Bd8 28.Ne4 h4 29.Rdg3 Rg6
30.Rxg6 Kxg6 31.Rd3 Rf8 32.Be3 Kf5 33.Nc3 Ne6 34.g3 Bg5 35.Kg2 Rh8 36.h3 Rh7
37.Bxb6 cxb6 38.Rxd6 hxg3 39.fxg3 Nc5 40.h4 Bc1 41.Rxb6 Rd7 42.Nd5 Rg7 43.Rf6+ Ke4
44.h5 Kd4 45.Rg6 Rxg6 46.hxg6 Ne6 47.Ne7 e4 48.Nf5+ Kd3 49.c5 e3 50.c6 Bb2
51.g7 Bxg7 52.Nxg7 e2 53.Nxe6 e1=Q 54.Nc5+ Kd4 55.c7 Qe2+  0-1

[Event "AUT-chT"]
[Site "?"]
[Date "1991.??.??"]
[Round "?"]
[White "Kaspret, Guido"]
[Black "Sinowjew, Juri"]
[Result "1-0"]
[WhiteElo "2310"]
[BlackElo "2260"]

1.c4 Nf6 2.Nc3 g6 3.e4 d6 4.d4 Bg7 5.Be2 O-O 6.Nf3 e5 7.O-O Nc6 8.d5 Ne7
9.Nd2 a5 10.Rb1 Bd7 11.b3 c5 12.a3 Ne8 13.b4 axb4 14.axb4 b6 15.Qb3 Nc8 16.f4 exf4
17.Rxf4 Nf6 18.bxc5 bxc5 19.Rf1 Re8 20.Bd3 Ng4 21.Nf3 Ne5 22.Nxe5 Bxe5 23.Bf4 Qh4
24.Ne2 Kg7 25.Qc2 Qd8 26.Qd2 Nb6 27.Rf2 Ra7 28.Rbf1 Bc8 29.Bg5 Qc7 30.Ng3 Ba6
31.Bf6+ Bxf6 32.Rxf6 Rf8 33.Qc3 Kg8 34.Nf5 gxf5 35.R1xf5 Re8 36.Rg5+ Kf8
37.Rff5 Re5 38.Rxe5 dxe5 39.Rxe5 Nd7 40.Rf5 f6 41.e5 Nxe5 42.Rxf6+ Nf7 43.Rf3 Ke8
44.Qg7 Qe7 45.Qg8+ Qf8 46.Qxh7 Qh8 47.Qg6 Qh6 48.Qg8+ Qf8 49.Qg4 Re7 50.d6 Rd7
51.Qe4+ Kd8 52.Qa8+ Bc8 53.Qa5+  1-0

[Event "AUT-chT"]
[Site "?"]
[Date "1991.??.??"]
[Round "?"]
[White "Horvath, Jozsef"]
[Black "Uhlmann, Wolfgang"]
[Result "1/2-1/2"]
[WhiteElo "2540"]
[BlackElo "2510"]

1.d4 Nf6 2.c4 g6 3.Nc3 Bg7 4.e4 d6 5.Nf3 O-O 6.Be2 e5 7.O-O Nc6 8.Be3 Ng4
9.Bg5 Bf6 10.Bxf6 Nxf6 11.d5 Ne7 12.Ne1 Nd7 13.Nd3 f5 14.exf5 Nxf5 15.Qd2 Nf6
16.Rae1 c6 17.dxc6 bxc6 18.Bd1 Re8 19.Ba4 Bb7 20.f3 Qc7 21.Nf2 Re7 22.Bc2 Nd4
23.Bb1 Nh5 24.Ne2 Nxe2+ 25.Rxe2 Nf4 26.Ree1 Rd8 27.Nd3 Qb6+ 28.Qf2 Nxd3 29.Bxd3  1/2-1/2

[Event "URS-chT"]
[Site "Azov"]
[Date "1991.??.??"]
[Round "?"]
[White "Titov, German"]
[Black "Kudriashov, Anatoli"]
[Result "1-0"]
[WhiteElo "2505"]
[BlackElo "2370"]

1.Nf3 Nf6 2.c4 g6 3.Nc3 Bg7 4.e4 d6 5.d4 O-O 6.Be2 e5 7.O-O Nc6 8.d5 Ne7
9.Ne1 Nd7 10.Nd3 f5 11.Bd2 Nf6 12.f3 Kh8 13.Rc1 c5 14.a3 Neg8 15.b4 b6 16.bxc5 bxc5
17.Rb1 h5 18.Qa4 fxe4 19.fxe4 Bh6 20.Bxh6 Nxh6 21.Qc6 Bg4 22.Bxg4 Nhxg4 23.Rf3 Qa5
24.Rc1 Rad8 25.h3 Nh6 26.Nxe5 dxe5 27.Rxf6 Ng8 28.Rxf8 Rxf8 29.Qxg6 Nf6 30.Qh6+ Nh7
31.Qxh5 Qxa3 32.Qxe5+ Kg8 33.Rb1 Qa6 34.Kh2 Nf6 35.Qg5+ Kh8 36.Qh6+ Kg8 37.Qg6+ Kh8
38.e5  1-0

[Event "URS-chT"]
[Site "Azov"]
[Date "1991.??.??"]
[Round "?"]
[White "Lputian, Smbat G"]
[Black "Loginov, Valery A"]
[Result "1-0"]
[WhiteElo "2570"]
[BlackElo "2540"]

1.d4 Nf6 2.c4 g6 3.Nc3 Bg7 4.e4 d6 5.Nf3 O-O 6.Be2 e5 7.O-O Nc6 8.d5 Ne7
9.Nd2 a5 10.a3 Nd7 11.Rb1 f5 12.b4 Kh8 13.Qc2 Ng8 14.exf5 gxf5 15.f4 axb4
16.axb4 e4 17.Nb3 Ndf6 18.Be3 Qe7 19.Nd4 Nh6 20.h3 Bd7 21.c5 Rg8 22.c6 bxc6
23.dxc6 Be8 24.b5 Rb8 25.Ra1 Bf7 26.Ra7 Ne8 27.g3 d5 28.Na4 Bf6 29.Kh2 Nd6
30.Rg1 Nc8 31.Ra6 Nd6 32.Nc5 Nc4 33.Bxc4 Qxc5 34.Be2 Qb4 35.Ra4 Qe7 36.Qa2 Qf8
37.Ra7 Rc8 38.Qa3 Qe8 39.b6 cxb6 40.Qd6 Bg7 41.c7 Bh5 42.Bb5 Qf7 43.Bd7 Bg4
44.Bxc8 Bxh3 45.Kxh3 Qh5+ 46.Kg2 Ng4 47.Qa3 Qh2+ 48.Kf1 Rxc8 49.Rb7 Bf8 50.Rb8 Bxa3
51.Rxc8+ Kg7 52.Rg8+ Kxg8 53.c8=Q+ Bf8 54.Nxf5 Qh3+ 55.Ke1 Nxe3  1-0

[Event "URS Spartakiada (Women)"]
[Site "Azov"]
[Date "1991.??.??"]
[Round "3"]
[White "Shumiakina, Tatiana"]
[Black "Ostry, Irina"]
[Result "1-0"]
[WhiteElo "2290"]
[BlackElo "2210"]

1.d4 Nf6 2.Nf3 g6 3.c4 Bg7 4.Nc3 O-O 5.e4 d6 6.Be2 e5 7.O-O Nc6 8.d5 Ne7
9.Nd2 a5 10.a3 Bd7 11.Ra2 c5 12.b4 axb4 13.axb4 cxb4 14.Rxa8 Qxa8 15.Nb5 Bxb5
16.cxb5 Qa7 17.Qb3 Qd4 18.Bd3 Rc8 19.Nf3 Qc3 20.Qb1 Nd7 21.Bd2 Qc7 22.Qxb4 Nc5
23.Bb1 Ra8 24.Rc1 Qd7 25.Bc2 b6 26.Be3 Ra5 27.Rb1 Nc8 28.Qc4 Na7 29.Bd2 Rxb5
30.Ra1 Rb2 31.Bc1 Rxc2 32.Qxc2 h6 33.Be3 Nb5 34.Bxc5 bxc5 35.Qa4 Qb7 36.Rb1 Nc3
37.Qe8+  1-0

[Event "Bad Lauterberg"]
[Site "Bad Lauterberg"]
[Date "1991.??.??"]
[Round "?"]
[White "Dautov, Rustem"]
[Black "Hertneck, Gerald"]
[Result "1-0"]
[WhiteElo "2595"]
[BlackElo "2555"]

1.d4 Nf6 2.c4 g6 3.Nc3 Bg7 4.e4 d6 5.Nf3 O-O 6.Be2 e5 7.O-O Nc6 8.d5 Ne7
9.Nd2 a5 10.Rb1 Bd7 11.b3 c6 12.a3 Qb6 13.Bb2 Rfc8 14.dxc6 Nxc6 15.Nf3 Bg4
16.Bc1 Bxf3 17.Bxf3 Nd4 18.Be3 Re8 19.Nb5 Nd7 20.g3 a4 21.b4 Nxf3+ 22.Qxf3 Qc6
23.Qe2 Re6 24.Qd3 Nf6 25.f3 Ne8 26.Rfd1 f5 27.Qd5 Kf7 28.Rbc1 Qxd5 29.exd5 Re7
30.Bb6 Rd7 31.c5 dxc5 32.bxc5 Bh6 33.Rc3 Bg5 34.d6 Bd8 35.Bxd8 Rdxd8 36.Rc4 Ke6
37.f4 exf4 38.gxf4 Rac8 39.Re1+ Kd5 40.Rcc1 Rxc5 41.Re5+  1-0

[Event "GER-ch"]
[Site "Bad Neuenahr"]
[Date "1991.??.??"]
[Round "1"]
[White "Lutz, Christopher"]
[Black "Schoene, Ralf"]
[Result "1-0"]
[WhiteElo "2500"]
[BlackElo "2350"]

1.d4 Nf6 2.c4 g6 3.Nc3 Bg7 4.e4 d6 5.Nf3 O-O 6.Be2 e5 7.O-O Nc6 8.d5 Ne7
9.Bg5 Nh5 10.Ne1 Nf4 11.Nd3 Nxe2+ 12.Qxe2 c5 13.Rab1 h6 14.Bd2 b6 15.f4 exf4
16.Nxf4 a6 17.a4 Kh7 18.Nd3 Ng8 19.Bf4 Nf6 20.h3 Nh5 21.Bh2 Bd4+ 22.Kh1 f6
23.Qf3 Qe7 24.Ne2 Be5 25.Bxe5 dxe5 26.b4 f5 27.bxc5 bxc5 28.Qe3 Ra7 29.Rb8 Re8
30.exf5 gxf5 31.Nxc5 Rc7 32.Rb6 Qg5 33.Qxg5 hxg5 34.Ne6 Bxe6 35.dxe6 f4 36.Rc1 Ng7
37.c5 Rxe6 38.c6 a5 39.Rc5 Kg6 40.Nc3 Nf5 41.Nb5 Rc8 42.Na7 Rd8 43.Rb1 Ne7
44.c7 Rd4 45.Nc6  1-0

[Event "GER-ch"]
[Site "Bad Neuenahr"]
[Date "1991.??.??"]
[Round "2"]
[White "Lutz, Christopher"]
[Black "Uhlmann, Wolfgang"]
[Result "0-1"]
[WhiteElo "2500"]
[BlackElo "2510"]

1.d4 Nf6 2.c4 g6 3.Nc3 Bg7 4.e4 d6 5.Nf3 O-O 6.Be2 e5 7.O-O Nc6 8.d5 Ne7
9.Nd2 c5 10.Rb1 a5 11.a3 Bh6 12.b4 axb4 13.axb4 b6 14.bxc5 bxc5 15.Nb3 Bxc1
16.Qxc1 Ne8 17.f4 exf4 18.Qxf4 f6 19.Ra1 Rxa1 20.Rxa1 Qb6 21.Nb5 Bd7 22.Kh1 g5
23.Qd2 Ng6 24.Qa5 Qxa5 25.Nxa5 f5 26.exf5 Rxf5 27.Bg4 Rf7 28.Bxd7 Rxd7 29.Nc6 Nf6
30.g3 Ne4 31.Ra2 g4 32.Re2 Ng5 33.Kg2 Kg7 34.Re8 Kf7 35.Rc8 Ne4 36.Nd8+ Kf6
37.Ne6 Ne5 38.Rf8+ Rf7 39.Rxf7+ Kxf7 40.Na3 Nd2 41.h3 Ndxc4 42.Nxc4 gxh3+
43.Kxh3 Nxc4 44.Kg4 Ne3+ 45.Kf3 Nxd5 46.Ng5+ Kg6 47.Ne4 c4 48.Nxd6 c3 49.Nc4 c2
50.Ne5+ Kg5 51.Nd3 Nb4 52.Nc1 h5 53.Kf2 Kg4 54.Kg2 Nd5 55.Nd3 Nc3 56.Kf2 Na2  0-1

[Event "GER-ch"]
[Site "Bad Neuenahr"]
[Date "1991.??.??"]
[Round "3"]
[White "Poldauf, Dirk"]
[Black "Volke, Karsten"]
[Result "1/2-1/2"]
[WhiteElo "2355"]
[BlackElo "2395"]

1.c4 Nf6 2.Nc3 g6 3.e4 d6 4.d4 Bg7 5.Be2 O-O 6.Nf3 e5 7.O-O Nc6 8.Be3 Re8
9.d5 Nd4 10.Nxd4 exd4 11.Bxd4 Nxe4 12.Nxe4 Rxe4 13.Bxg7 Kxg7 14.Bd3 Re8 15.Qd2 Qf6
16.Rfe1 Bd7 17.Bf1 b6 18.b3  1/2-1/2

[Event "GER-ch"]
[Site "Bad Neuenahr"]
[Date "1991.??.??"]
[Round "4"]
[White "Boensch, Uwe"]
[Black "Kunze, Markus"]
[Result "1/2-1/2"]
[WhiteElo "2470"]
[BlackElo "2360"]

1.d4 Nf6 2.c4 g6 3.Nc3 Bg7 4.e4 d6 5.Be2 O-O 6.Nf3 e5 7.O-O Nc6 8.d5 Ne7
9.Nd2 a5 10.a3 Bd7 11.Ra2 Bh6 12.Qc2 c5 13.Nb5 Nc8 14.b3 Ne8 15.Nf3 Bg7 16.b4 axb4
17.axb4 Rxa2 18.Qxa2 b6 19.Bg5 f6 20.Bh4 g5 21.Bg3 h5 22.h3 Bh6 23.bxc5 bxc5
24.Qa6 Qe7 25.Nh2 Ng7 26.f3 f5 27.Na7 g4 28.fxg4 hxg4 29.hxg4 Be3+ 30.Bf2 Bxf2+
31.Rxf2 Nxa7 32.Qxa7 fxe4 33.Rxf8+ Kxf8 34.Nf1 Ne8 35.Qa3 Qg5 36.Qe3 Qf4
37.g3 Qxe3+ 38.Nxe3 Kf7 39.Nf1 Kg6 40.Kf2 Nf6 41.Ke3 Kg5 42.Nd2 Bxg4 43.Bf1 Bd1
44.Nb1 Kg4 45.Nc3 Bf3 46.Nb5 Bd1 47.Nc3 Bf3 48.Nb5 Bd1  1/2-1/2

[Event "GER-ch"]
[Site "Bad Neuenahr"]
[Date "1991.??.??"]
[Round "8"]
[White "Boensch, Uwe"]
[Black "Volke, Karsten"]
[Result "1/2-1/2"]
[WhiteElo "2470"]
[BlackElo "2395"]

1.d4 Nf6 2.c4 g6 3.Nc3 Bg7 4.e4 d6 5.Nf3 O-O 6.Be2 e5 7.O-O Nc6 8.Be3 Re8
9.dxe5 dxe5 10.c5 h6 11.h3 Be6 12.Qa4 Qc8 13.Rfd1 a6 14.Nd5 Nh5 15.Nh2 Kh7
16.Bg4 Bxg4 17.hxg4 Nf4 18.Nxf4 exf4 19.Bxf4 Bxb2 20.Rab1 Bg7 21.Nf3 Qxg4
22.Rxb7 Nd4 23.Nxd4 Qxf4 24.Nf3 Rxe4 25.Qd7 g5 26.Qxc7 Qxc7 27.Rxc7 Kg6 28.Rd6+ Re6
29.Rxe6+ fxe6 30.g4 Rf8 31.Kg2 Rf4 32.Kg3 Ra4 33.c6  1/2-1/2

[Event "Bad Woerishofen op"]
[Site "Bad Woerishofen"]
[Date "1991.??.??"]
[Round "6"]
[White "Gschnitzer, Oswald"]
[Black "Von Gleich, Alexander"]
[Result "1-0"]
[WhiteElo "2460"]
[BlackElo "2315"]

1.Nf3 Nf6 2.c4 g6 3.Nc3 Bg7 4.e4 d6 5.d4 O-O 6.Be2 e5 7.O-O Nc6 8.Be3 Re8
9.dxe5 Nxe5 10.Nxe5 dxe5 11.Qxd8 Rxd8 12.Nb5 Rd7 13.Rfd1 Nxe4 14.Nxc7  1-0

[Event "Baden-Baden op"]
[Site "Baden-Baden"]
[Date "1991.??.??"]
[Round "7"]
[White "Servaty, Rudolf"]
[Black "Lingnau, Carsten"]
[Result "0-1"]
[WhiteElo "2295"]
[BlackElo "2315"]

1.d4 Nf6 2.Nf3 g6 3.c4 Bg7 4.Nc3 O-O 5.e4 d6 6.Be2 e5 7.O-O Nc6 8.d5 Ne7
9.Ne1 Nd7 10.Nd3 f5 11.Bd2 Kh8 12.Rc1 c5 13.a3 Ng8 14.b4 b6 15.Rb1 Ndf6 16.f3 Bh6
17.bxc5 Bxd2 18.Qxd2 bxc5 19.Nf2 f4 20.Rb3 g5 21.Rfb1 h5 22.h3 Nh6 23.Rb8 Rxb8
24.Rxb8 Qe7 25.Qd1 Qc7 26.Qb1 Rg8 27.Ra8 Bd7 28.Nb5 Qb6 29.Rxg8+ Kxg8 30.Kf1 Kg7
31.Bd3 Qa6 32.Qb3 Qb6 33.Qb1 g4 34.Nc3 Qa5 35.Qb2 Kg6 36.Ke2 Kg5 37.hxg4 hxg4
38.Nfd1 Nf7 39.Kd2 Qd8 40.Qb7 Qa5 41.Qb2 Kg6 42.Ke2 Qa6 43.Nb5 Qb7 44.Kd2 Qb8
45.Kc1 a6 46.Nbc3 Qxb2+ 47.Nxb2 Kh5 48.fxg4+ Kh4 49.Nbd1 Ng5 50.Kd2 Kg3 51.Ke1 Kxg2
52.Bf1+ Kg3 53.Nf2 Bxg4 54.Bd3 f3 55.Ncd1 Kf4 56.Nc3 Bd7 57.Kd2 Be8  0-1

[Event "JUG-ch"]
[Site "Banja Vrucica"]
[Date "1991.??.??"]
[Round "?"]
[White "Bogdanovski, Vlatko"]
[Black "Maksimovic, Branimir"]
[Result "1/2-1/2"]
[WhiteElo "2440"]
[BlackElo "2380"]

1.d4 Nf6 2.Nf3 g6 3.c4 Bg7 4.Nc3 d6 5.e4 O-O 6.Be2 e5 7.O-O Nc6 8.d5 Ne7
9.Nd2 a5 10.a3 Nd7 11.Rb1 f5 12.b4 axb4 13.axb4 Nf6 14.f3 Nh5 15.g3 Bh6 16.Nb3 Bxc1
17.Rxc1 f4 18.g4 Nf6 19.h4 Kh8 20.Ra1 Rxa1 21.Qxa1 Neg8 22.Qe1 Nh6 23.Kh2 Nfxg4+
24.fxg4 Bxg4 25.Nd2 Bxe2 26.Nxe2 Ng4+ 27.Kh1 Ne3 28.Rf3 Qe7 29.Rh3 Qd7 30.Ng1 Qg4
31.Qf2 Ra8 32.h5 Ra1 33.Rxe3 Rxg1+ 34.Qxg1 Qxh5+ 35.Kg2 fxe3 36.Qxe3 Qd1
37.Nf1 Kg7 38.Ng3 Qc2+ 39.Kh3 Qxc4 40.Qg5 Kf7 41.Qg4 Qc1  1/2-1/2

[Event "JUG-ch"]
[Site "Banja Vrucica"]
[Date "1991.??.??"]
[Round "?"]
[White "Maksimovic, Branimir"]
[Black "Burovic, Ismet"]
[Result "1-0"]
[WhiteElo "2380"]
[BlackElo "2375"]

1.d4 Nf6 2.c4 g6 3.Nc3 Bg7 4.e4 d6 5.Be2 O-O 6.Nf3 e5 7.O-O Nc6 8.d5 Ne7
9.Ne1 Nd7 10.Nd3 f5 11.Bd2 Nf6 12.f3 f4 13.c5 g5 14.cxd6 cxd6 15.Nf2 h5 16.h3 Kh8
17.Qc2 Neg8 18.Rfc1 Ne8 19.a4 Nh6 20.Ra3 g4 21.hxg4 hxg4 22.fxg4 Qg5 23.Qd1 Nf6
24.Nb5 Bxg4 25.Bxg4 Nfxg4 26.Nxg4 Nxg4 27.Rg3 Qd8 28.Rxg4 Qb6+ 29.Kh2 Rf6
30.Rh4+ Bh6 31.Qg4  1-0

[Event "JUG-ch"]
[Site "Banja Vrucica"]
[Date "1991.??.??"]
[Round "?"]
[White "Miladinovic, Igor"]
[Black "Popovic, Petar"]
[Result "1/2-1/2"]
[WhiteElo "2375"]
[BlackElo "2510"]

1.d4 Nf6 2.c4 g6 3.Nc3 Bg7 4.Nf3 O-O 5.e4 d6 6.Be2 e5 7.O-O Nc6 8.d5 Ne7
9.Ne1 Nd7 10.Nd3 f5 11.f3 f4 12.g4 g5 13.Bd2 Ng6 14.Be1 Rf7 15.Bf2 Bf8 16.b4 Nf6
17.Kg2 h5 18.h3 Be7 19.Rh1 Rg7 20.Rh2 Rh7 21.Qb3 Kg7 22.Rah1 a5 23.a3 axb4
24.axb4 Bd7 25.c5 Qf8 26.Qb2  1/2-1/2

[Event "JUG-ch"]
[Site "Banja Vrucica"]
[Date "1991.??.??"]
[Round "?"]
[White "Nikcevic, Nebojsa"]
[Black "Tosic, Miroslav"]
[Result "0-1"]
[WhiteElo "2440"]
[BlackElo "2455"]

1.Nf3 Nf6 2.c4 g6 3.Nc3 Bg7 4.d4 O-O 5.e4 d6 6.Be2 e5 7.O-O Nc6 8.d5 Ne7
9.Nd2 a5 10.a3 Bd7 11.b3 c6 12.Rb1 Qc7 13.Bb2 Ne8 14.b4 axb4 15.axb4 f5 16.Qb3 cxd5
17.cxd5 Bh6 18.Nc4 Rf7 19.b5 fxe4 20.Nxe4 Nf5 21.Rbd1 Qd8 22.g3 Bf8 23.Kh1 Rc8
24.f4 exf4 25.Rxf4 Bh6 26.Rff1 Qe7 27.Bf3 Ne3 28.Nxe3 Rxf3 29.Rxf3 Qxe4 30.Rf1 Bh3
31.Rf2 Nf6 32.Kg1 Bxe3 33.Qxe3 Qb1+ 34.Rf1 Qxb2 35.R3f2 Rc2 36.Rxc2 Qxc2
37.Qf3 Bxf1  0-1

[Event "BUL-chT (Women)"]
[Site "Bankia"]
[Date "1991.??.??"]
[Round "3"]
[White "Peicheva Hansen, Evgenia"]
[Black "Marinova, Elka"]
[Result "1-0"]
[WhiteElo "2175"]
[BlackElo "2075"]

1.d4 Nf6 2.c4 g6 3.Nc3 Bg7 4.e4 d6 5.Be2 O-O 6.Nf3 e5 7.O-O Nc6 8.d5 Ne7
9.a4 Nd7 10.a5 f5 11.Ne1 f4 12.b4 g5 13.Nd3 Nf6 14.f3 h5 15.h3 Kh8 16.c5 Bd7
17.Bd2 Neg8 18.Nf2 Qe8 19.Na4 Nh6 20.cxd6 cxd6 21.Nb2 Qg6 22.Nc4 g4 23.hxg4 hxg4
24.fxg4 Nfxg4 25.Nxg4 Bxg4 26.Bxg4 Nxg4 27.Ra3 Bh6 28.Rh3 Rg8 29.Qf3 Rac8
30.Rc1 Rc7 31.Rc3 Rgc8 32.Nxd6 Qxd6 33.Qxg4 Rg8 34.Qe6 Qxe6 35.dxe6 Rh7 36.e7 Bg5
37.Rxh7+ Kxh7 38.Rc7 Re8 39.Rxb7 Rxe7 40.a6 Kg6 41.b5 Rf7 42.b6  1-0

[Event "BUL-chT (Women)"]
[Site "Bankia"]
[Date "1991.??.??"]
[Round "5"]
[White "Ilieva, Hristina"]
[Black "Marinova, Elka"]
[Result "1-0"]
[WhiteElo "2190"]
[BlackElo "2075"]

1.d4 Nf6 2.Nf3 d6 3.c4 g6 4.Nc3 Bg7 5.e4 O-O 6.Be2 Nc6 7.O-O e5 8.d5 Ne7
9.Ne1 Nd7 10.Nd3 f5 11.Bd2 f4 12.f3 g5 13.g4 fxg3 14.hxg3 Ng6 15.b4 h5 16.Rc1 h4
17.g4 Nb6 18.Qb3 a5 19.bxa5 Rxa5 20.Nb5 Ra6 21.c5 Na8 22.Bb4 Kh7 23.cxd6 cxd6
24.Nxd6 Rxd6 25.Rxc8 Qb6+ 26.Rc5 Nc7 27.Ba5 Qxb3 28.axb3 Na6 29.Rc2 Bf6 30.Bd2 Bd8
31.Be3 Bb6 32.Kf2 Bxe3+ 33.Kxe3 Rb6 34.Rb1 Rf7 35.b4 Nc7 36.Nc5 Nf4 37.Rd2 Ng2+
38.Kf2 Nf4 39.d6 Nce6 40.Nxe6 Nxe6 41.Bc4 Nd8 42.Bxf7 Nxf7 43.d7 Nd8 44.Ra1 Rf6
45.Ra8 Rf8 46.Rd5  1-0

[Event "BUL-chT"]
[Site "Bankia"]
[Date "1991.??.??"]
[Round "7"]
[White "Lalev, Dimitar"]
[Black "Dochev, Dimitar"]
[Result "1-0"]
[WhiteElo "2420"]
[BlackElo "2290"]

1.d4 Nf6 2.Nf3 g6 3.c4 Bg7 4.Nc3 O-O 5.e4 d6 6.Be2 e5 7.O-O Nc6 8.d5 Ne7
9.Nd2 a5 10.a3 Nd7 11.Rb1 f5 12.b4 Kh8 13.Qc2 b6 14.Nb3 Nf6 15.bxa5 fxe4
16.Bg5 bxa5 17.Nd2 c6 18.Ndxe4 cxd5 19.Nxd5 Nexd5 20.cxd5 Bf5 21.Bd3 Rc8
22.Qe2 Qd7 23.Bxf6 Bxf6 24.Rb6 Bxe4 25.Bxe4 Qa4 26.Rxd6 Qxa3 27.Rc6 a4 28.g3 Qb4
29.Qg4 Rcd8 30.Rc7 Bg7 31.h4 Rxd5 32.h5 Rd4 33.h6  1-0